000 00768cam a22002531 4500
001 sa 67000012
003 DLC
005 20260227112311.0
008 890914s1963 ii ac 000 0 hinr
010 _asa 67000012
035 _a(OCoLC)20344454
040 _aDLC
_cWaU
_dNRU
_dDLC
042 _apremarc
043 _aa-ii---
050 0 0 _aJS7005
_b.C3
100 1 _aCaturvedī, Nārāyaṇa,
245 1 0 _aPañcāyatī rāja;
_bsattā kā vikendrīkaraṇa.
_cLekhaka Nārāyaṇa Caturvedī [evaṃ Gopīnātha Guptā.
250 _a[1. saṃskaraṇa.
260 _aJayapura]
_bRājasthānī Sāhitya Prakāśana
_c[1963]
300 _a124 p.
_billus., port.
_c22 cm.
500 _aIn Hindi.
650 0 _aPanchayat
_zIndia.
700 1 _aGupta, Gopīnātha.
999 _c71688
_d71688